000
00535nam a2200145Ia 4500
008
100204s9999 xx 000 0 und d
082
_b
14332
100
_a
भोसेकर मुरलीधर
245
_a
सिध्दार्थाची यशोधरा
260
_b
"रविंद्र एस. पारसकर , पुणे"
300
_a
148
630
_a
सिध्दार्थाची यशोधरा
730
_a
सिध्दार्थाची यशोधरा
942
_c
BOOK
999
_c
458763
_d
458760